000 00965nas a2200289 4500
001 BR0204088
003 BR-BrBNA
005 20231205103200.0
007 ta
008 230509b bl.|||p| |||| 00| 00por d
040 _aBR-BrBNA
_bpor
_cBiblioteca Nacional de Agricultura
041 _a(Pt)
072 _aP36
100 1 _aMorais, L.F.B.
100 1 _aCogo, N.P.
245 1 _aComprimentos críticos de rampa para diferentes manejos de resíduos culturais em sistemas de semeadura direta em um argissolo vermelho da depressão central (RS)
650 _aSOLO
650 _aRESÍDUO ORGÂNICO
650 _aEROSÃO HÍDRICA
650 _aCOBERTURA DO SOLO
650 _aPLANTIO DIRETO
650 _aCHUVA ARTIFICIAL
650 _aRIO GRANDE DO SUL
773 0 _tRevista Brasileira de Ciência do Solo (Brazil)
_xISSN 0100-0683
_g(Oct-Dec 2001), v. 25(4) p. 1041-1051
_wBR0204088
909 _a202311
_bLúcia
_c55
_dLúcia Elande
942 _2AGRIS
_n0
_cANA
999 _c171525
_d171525